000 00313nam a2200157Ia 4500
100 _aSchneier/Brucec
250 _a2
942 _cBK
654 _acryptography
245 _aApplied cryptography
260 _bJohn Wiley
_c2001
082 _a5.82
_bSCH
300 _a757
546 _aENGLISH
999 _c22722
_d22722